000 00376nam a2200157Ia 4500
003 Ost
005 20260225132544.0
008 260225s9999||||xx |||||||||||||| ||und||
040 _cfsic
041 _afre
082 _a440
100 _aFerdinand lot
_eAuteur
245 0 _aHistoire des institutions Françaises au moyen age /
245 0 _cFerdinand lot
942 _cكتاب
999 _c33698
_d33698